Online
Catalog

Bob Vila's toolbox : (Record no. 42584)

MARC details
000 -CABECERA
campo de control de longitud fija 00754nam a2200181 a 4500
001 - NÚMERO DE CONTROL
campo de control 000043095
005 - FECHA Y HORA DE LA ÚLTIMA TRANSACCIÓN
campo de control 20201002040632.0
008 - DATOS DE LONGITUD FIJA--INFORMACIÓN GENERAL
campo de control de longitud fija 140218s1993 nyuac 001 0 spa d
020 ## - NÚMERO INTERNACIONAL ESTÁNDAR DEL LIBRO
Número Internacional Estándar del Libro 068811735X
040 ## - FUENTE DE LA CATALOGACIÓN
Centro catalogador/agencia de origen DO-SdBNP
Lengua de catalogación spa
Centro/agencia transcriptor BNPHU
082 ## - NÚMERO DE LA CLASIFICACIÓN DECIMAL DEWEY
Número de clasificación xxxx
Número de documento/Ítem xxxx
100 1# - ENTRADA PRINCIPAL--NOMBRE DE PERSONA
Nombre de persona Vila, Bob
9 (RLIN) 70620
245 10 - MENCIÓN DE TÍTULO
Título Bob Vila's toolbox :
Resto del título the ultimate illustrated guide to portable hand and power tools /
Mención de responsabilidad, etc. Bob Vila ; designed by Marjorie Anderson ; photography by Michael Fredericks ; line drawings by Jeffrey Bellantuono.
260 ## - PUBLICACIÓN, DISTRIBUCIÓN, ETC.
Lugar de publicación, distribución, etc. New York :
Nombre del editor, distribuidor, etc. W. Morrow,
Fecha de publicación, distribución, etc. 1993.
300 ## - DESCRIPCIÓN FÍSICA
Extensión xx, 235 p. :
Otras características físicas il. ;
Dimensiones 29 cm.
500 ## - NOTA GENERAL
Nota general Toolbox.
505 0# - NOTA DE CONTENIDO CON FORMATO
Nota de contenido con formato Measuring and marking tools --
Título Cutting and drilling tools --
-- Shaping tools --
-- Fastening tools --
-- Specialty tools.
Holdings
Estado de retiro Estado de pérdida Restricciones de uso No para préstamo Código de colección Localización permanente Ubicación/localización actual Ubicación en estantería Fecha de adquisición Número de inventario Total de préstamos Signatura topográfica completa Código de barras Fecha visto por última vez Precio válido a partir de Tipo de ítem Koha
      Excluido de préstamo Monografías: Libros y Folletos General General En catalogación 18.02.2014 LF1   xxxx xxxx 43095-10 25.06.2020 25.06.2020 No se presta

Powered by Koha